000 00448nam a2200145 a 4500
001 000025302
005 20200930023707.0
008 110214s1983 dr 000 0 spa d
040 _aDO-SdBNP
_bspa
_cBNPHU
100 1 _aLora Medrano, Luis Eduardo
_951827
245 1 3 _aEl puente :
_blagrimas de abril /
_cLuis Eduardo Lora Medrano.
260 _aSanto Domingo :
_bEditora Tele 3,
_c1983.
300 _a223 p. :
_bil., retrs. ;
_c21 cm.
049 _aBNPD
999 _c24795
_d24795